ប្រពៃណីអាពាហ៏ពិពាហ៏ខ្មែរកំពុងមានវិបល្លាស​ / (Record no. 6482)

MARC details
000 -LEADER
fixed length control field 01537nam a22002537a 4500
001 - CONTROL NUMBER
control field 6482
003 - CONTROL NUMBER IDENTIFIER
control field FISKH
005 - DATE AND TIME OF LATEST TRANSACTION
control field 20250512144719.0
008 - FIXED-LENGTH DATA ELEMENTS--GENERAL INFORMATION
fixed length control field 250506b cb ||||| |||| 00| 0 eng d
040 ## - CATALOGING SOURCE
Original cataloging agency FISKH
Language of cataloging khr
Transcribing agency FISKH
Modifying agency FISKH
050 ## - LIBRARY OF CONGRESS CALL NUMBER
Classification number PZ7
082 ## - DEWEY DECIMAL CLASSIFICATION NUMBER
Classification number 200
100 ## - MAIN ENTRY--PERSONAL NAME
Personal name Sovi, Ly
245 ## - TITLE STATEMENT
Title ប្រពៃណីអាពាហ៏ពិពាហ៏ខ្មែរកំពុងមានវិបល្លាស​ /
Statement of responsibility, etc. លី សុវីរ
250 ## - EDITION STATEMENT
Edition statement បោះពុម្ពលើកទី២
260 ## - PUBLICATION, DISTRIBUTION, ETC.
Place of publication, distribution, etc. ភ្នំពេញ​ :
Date of publication, distribution, etc. 2007 .
300 ## - PHYSICAL DESCRIPTION
Extent 76 pages :
Other physical details illustrations ;
Dimensions 21 cm .
520 ## - SUMMARY, ETC.
Summary, etc. សៀវភៅនេះបានផ្តល់ឱ្យអ្នកអាននូវទិដ្ឋភាពច្បាស់លាស់អំពីការប្រែប្រួលនៃពិធីអាពាហ៍ពិពាហ៍ខ្មែរ និងបញ្ហាផ្សេងៗដែលទាក់ទង ដើម្បីជួយរក្សាទុក និងអភិវឌ្ឍប្រពៃណីវប្បធម៌ខ្មែរនៅក្នុងសង្គមសម័យបច្ចុប្បន្ន។
520 ## - SUMMARY, ETC.
Summary, etc. This book offers readers a clear perspective on the evolving nature of Khmer wedding traditions and the associated challenges, encouraging efforts to preserve and adapt cultural practices within contemporary society.
650 ## - SUBJECT ADDED ENTRY--TOPICAL TERM
Topical term or geographic name entry element អាពាហ៏ពិពាហ៏
650 ## - SUBJECT ADDED ENTRY--TOPICAL TERM
Topical term or geographic name entry element Wedding
942 ## - ADDED ENTRY ELEMENTS (KOHA)
Source of classification or shelving scheme Dewey Decimal Classification
Koha item type Khmer Books
Suppress in OPAC No
Holdings
Withdrawn status Lost status Source of classification or shelving scheme Damaged status Not for loan Collection Home library Current library Shelving location Date acquired Total Checkouts Full call number Barcode Date last seen Date last checked out Price effective from Koha item type
    Dewey Decimal Classification     Khmer Language Books / សៀវភៅភាសាខ្មែរ Footprints International School Library Network Toul Tom Poung Campus Footprints International School Library Network Toul Tom Poung Campus TTP Secondary Khmer Bookshelves 05/06/2025 1 SOV PZ7 200 FIS03879 02/02/2026 01/05/2026 05/06/2025 Khmer Books